BIBLIOTECA

SENCICO

Doce temas de formación / (Registro nro. 364)

Detalles MARC
000 -LEADER
fixed length control field 01276nam a2200265Ia 4500
003 - CONTROL NUMBER IDENTIFIER
control field PE SENCICO BE
005 - DATE AND TIME OF LATEST TRANSACTION
control field 20251020182435.0
008 - FIXED-LENGTH DATA ELEMENTS--GENERAL INFORMATION
fixed length control field 200515s9999 xx 000 0 und d
020 ## - INTERNATIONAL STANDARD BOOK NUMBER
International Standard Book Number 92-9088-041-2
040 ## - CATALOGING SOURCE
Original cataloging agency PE SENCICO BE
Transcribing agency PE SENCICO BE
041 ## - LANGUAGE CODE
Language code of text/sound track or separate title spa
082 ## - DEWEY DECIMAL CLASSIFICATION NUMBER
Classification number 378.013
Item number A31
100 1# - MAIN ENTRY--PERSONAL NAME
Personal name Agudelo Mejía, Santiago
9 (RLIN) 3042
Relator term autor
245 10 - TITLE STATEMENT
Title Doce temas de formación /
Statement of responsibility, etc. Santiago Agudelo Mejía
250 ## - EDITION STATEMENT
Edition statement 1a ed.
260 ## - PUBLICATION, DISTRIBUTION, ETC.
Place of publication, distribution, etc. Montevideo :
Name of publisher, distributor, etc. Cinterfor ;
-- OIT ;
Date of publication, distribution, etc. 1993
300 ## - PHYSICAL DESCRIPTION
Extent 126 páginas :
Dimensions 23 cm.
505 0# - FORMATTED CONTENTS NOTE
Formatted contents note Diseño operacional de la formación profesional -- El análisis ocupacional y su aplicación en la formación profesional -- El proceso de enseñanza - aprendizaje -- Los modos de formación -- El material didáctico -- Información y orientación profesional -- Formación individualizada -- La formación a distancia -- Certificación de calificaciones ocupacionales -- Calidad de la formación profesional -- Evaluación centrada en la persona -- Estadística aplicadas a la formación
650 10 - SUBJECT ADDED ENTRY--TOPICAL TERM
Topical term or geographic name entry element Formación profesional
9 (RLIN) 1311
650 20 - SUBJECT ADDED ENTRY--TOPICAL TERM
Topical term or geographic name entry element Gestión de la formación profesional
9 (RLIN) 3043
650 20 - SUBJECT ADDED ENTRY--TOPICAL TERM
Topical term or geographic name entry element Orientación profesional
9 (RLIN) 1354
650 20 - SUBJECT ADDED ENTRY--TOPICAL TERM
Topical term or geographic name entry element PUB CINTERFOR
9 (RLIN) 2462
650 20 - SUBJECT ADDED ENTRY--TOPICAL TERM
Topical term or geographic name entry element PUB OIT
9 (RLIN) 2507
942 ## - ADDED ENTRY ELEMENTS (KOHA)
Koha item type Libros
Source of classification or shelving scheme Dewey Decimal Classification
Existencias
Fecha de la última vez que lo usaron Número de ingreso o de inventario Pago total Signatura topográfica completa Código de barras Precio efectivo desde Tipo de documento Estado perdido Sistema de clasificación Estado dañado No es para préstamo Retirado Ubicación permanente Ubicación actual Fecha de adquisición
15/05/2020 7335   378.013/A31 BibLima25040070 15/05/2020 Libros   Dewey Decimal Classification       Biblioteca Central Lima Biblioteca Central Lima 15/05/2020